Social work with lawbreakers of society

Gespeichert in:  
Bibliographische Detailangaben
1. VerfasserIn: Bhalla, S. K. (Verfasst von)
Medienart: Druck Buch
Sprache:Englisch
Veröffentlicht: New Delhi MD Publications 20XX-
In:Jahr: 2008
Bestand in Tübingen:In Tübingen vorhanden.
UB: KB 20 A 3812
Verfügbarkeit prüfen: HBZ Gateway
Subito Bestelldienst: Jetzt bestellen.
Bände / Aufsätze:Bände / Aufsätze anzeigen.
Schlagwörter:

MARC

LEADER 00000cam a2200000 ca4500
001 1376901269
003 DE-627
005 20251225184308.0
007 tu
008 090525n20uuuuuuii ||||| 00| ||eng c
020 |z 9788175331570 
035 |a (DE-627)1376901269 
035 |a (DE-576)306901269 
035 |a (DE-599)BSZ306901269 
035 |a (IiNdDKA)190363-HBD 
040 |a DE-627  |b ger  |c DE-627  |e rakwb 
041 |a eng 
044 |c XB-IN 
082 0 |a 365.66 
100 1 |a Bhalla, S. K.  |4 aut 
190 |j 2008 
245 1 0 |a Social work with lawbreakers of society  |c S. K. Bhalla 
264 1 |a New Delhi  |b MD Publications  |c 20XX- 
300 |c 23 cm 
336 |a Text  |b txt  |2 rdacontent 
337 |a ohne Hilfsmittel zu benutzen  |b n  |2 rdamedia 
338 |a Band  |b nc  |2 rdacarrier 
500 |a Includes index. - Includes bibliographical references (p. [575]-579) 
650 0 |a Social work with criminals 
650 0 |a Social work with youth 
650 0 |a Social work with juvenile delinquents 
689 0 0 |d g  |0 (DE-588)4026722-2  |0 (DE-627)104585129  |0 (DE-576)208967699  |a Indien  |2 gnd 
689 0 1 |d s  |0 (DE-588)4219232-8  |0 (DE-627)105027154  |0 (DE-576)21025470X  |a Straffälliger  |2 gnd 
689 0 2 |d s  |0 (DE-588)4128233-4  |0 (DE-627)105718823  |0 (DE-576)209600365  |a Resozialisierung  |2 gnd 
689 0 3 |d s  |0 (DE-588)4055676-1  |0 (DE-627)106157159  |0 (DE-576)209114959  |a Sozialarbeit  |2 gnd 
689 0 |5 (DE-627) 
951 |a MC 
ELC |b 1 
LOK |0 000 xxxxxcx a22 zn 4500 
LOK |0 001 2601243074 
LOK |0 003 DE-627 
LOK |0 004 1376901269 
LOK |0 005 20091110143507 
LOK |0 008 090525||||||||||||||||ger||||||| 
LOK |0 040   |a DE-21  |c DE-627  |d DE-21 
LOK |0 852   |a DE-21 
LOK |0 852 1  |c KB 20 A 3812  |9 00 
LOK |0 935   |a krim 
LOK |0 936ln  |a k4.3.1 
LOK |0 938   |a 0911  |f 34 
LOK |0 939   |a 25-05-09  |b l01 
ORI |a SA-MARC-krimdoka001.raw 
SIG |a UB: KB 20 A 3812 
SPR |a 1  |t KRI 
TIM |a 100019470815_100020261231  |b 1947-08-15 - 2026